|
|
|
|
| LEADER |
00594cam a2200205ua 4500 |
| 008 |
090401t2000||||||||||| 00 ||mal c |
| 020 |
|
|
|a 81-240-0138-3
|
| 041 |
0 |
|
|a mal
|
| 082 |
|
|
|a M894.812 3
|b BAL/I
|
| 100 |
0 |
|
|a Balakrishnan, C.V.
|
| 245 |
1 |
0 |
|a Ithivrutham /
|
| 260 |
|
|
|a Kottayam:
|b Current Books,
|c 2000.
|
| 300 |
|
|
|a 92p..
|
| 362 |
1 |
|
|a 2000.
|
| 365 |
|
|
|a Rs.32.00
|
| 650 |
|
|
|a Malayalam novel
|
| 650 |
0 |
|
|a Malayalam
|
| 942 |
|
|
|c BK
|
| 999 |
|
|
|c 20185
|d 20185
|
| 952 |
|
|
|0 0
|1 0
|4 0
|6 M_894_812000000000000_3_BAL
|7 0
|9 21263
|a KUCL
|b KUCL
|d 2014-05-23
|l 0
|o M894.812 3 BAL/
|p 20781
|r 2014-05-23
|w 2014-05-23
|y BK
|